Doing academic careers differently: Portraits of academic life (Record no. 530970)

000 -LEADER
fixed length control field 00637nam a22001457a 4500
008 - FIXED-LENGTH DATA ELEMENTS--GENERAL INFORMATION
fixed length control field 250722b ||||| |||| 00| 0 eng d
100 ## - MAIN ENTRY--PERSONAL NAME
Personal name Menis, Susanna
245 ## - TITLE STATEMENT
Title Doing academic careers differently: Portraits of academic life
260 ## - PUBLICATION, DISTRIBUTION, ETC. (IMPRINT)
Place of publication, distribution, etc Social & Legal Studies
300 ## - PHYSICAL DESCRIPTION
Extent 34(3), Jun, 2025: p.458-461
520 ## - SUMMARY, ETC.
Summary, etc Robinson Sarah, Bristow Alexandraratle Olivier (Eds.), United Kingdom: Taylor & Francis, 2023, 458 pages ISBN 9781032212616, £38 (pbk).- Reproduced

https://journals.sagepub.com/doi/abs/10.1177/09646639241280682
773 ## - HOST ITEM ENTRY
Main entry heading Social & Legal Studies
906 ## - LOCAL DATA ELEMENT F, LDF (RLIN)
Subject DIP BOOK REVIEW
942 ## - ADDED ENTRY ELEMENTS (KOHA)
Item type Articles
Holdings
Withdrawn status Lost status Source of classification or shelving scheme Damaged status Not for loan Permanent location Current location Date acquired Serial Enumeration / chronology Barcode Date last seen Koha item type
          Indian Institute of Public Administration Indian Institute of Public Administration 2025-07-22 34(3), Jun, 2025: p.458-461 AR136690 2025-07-22 Articles

Powered by Koha